Loading...
| Fine Arts - Auditory Fine Arts | 5 | 10.00 | 60% | 40% | 0% |
| Fine Arts - Other Fine Arts | 6 | 10.00 | 83% | 17% | 0% |
| Fine Arts - Visual Fine Arts | 2 | 10.00 | 100% | 0% | 0% |
| History - American History | 2 | 5.00 | 50% | 0% | 0% |
| History - European History | 5 | 12.00 | 100% | 20% | 0% |
| History - Other History | 2 | 30.00 | 100% | 100% | 100% |
| History - World History | 3 | 16.67 | 100% | 67% | 0% |
| Literature - American Literature | 4 | 5.00 | 50% | 0% | 0% |
| Literature - British Literature | 3 | 6.67 | 67% | 0% | 0% |
| Literature - European Literature | 4 | 7.50 | 75% | 0% | 0% |
| Literature - World Literature | 2 | 5.00 | 50% | 0% | 0% |
| Mythology | 2 | 20.00 | 100% | 50% | 50% |
| Other Academic | 1 | 20.00 | 100% | 100% | 0% |
| Philosophy | 3 | 10.00 | 67% | 0% | 33% |
| Religion | 5 | 18.00 | 100% | 60% | 20% |
| Science - Biology | 3 | 3.33 | 33% | 0% | 0% |
| Science - Chemistry | 3 | 16.67 | 100% | 67% | 0% |
| Science - Other Science | 4 | 15.00 | 100% | 50% | 0% |
| Science - Physics | 3 | 20.00 | 100% | 67% | 33% |
| Social Science | 2 | 15.00 | 100% | 50% | 0% |